000 00302nam a22001337a 4500
008 260416b ||||| |||| 00| 0 eng d
020 _a9992738111
041 _aShqip
080 _a821.18
100 _a39
101 _aGjuhe dhe Leteresi
245 _aBibliografi
_cKaterina Goshi
942 _2udc
_cBK
999 _c60977
_d60977